000
00297nam a22001097a 4500
008
230704b xxu||||| |||| 00| 0 eng d
082
_a
342.4
_b
FIN 1960
245
_a
The Major Governments of Modern Europe
260
_a
London
_b
Row, Peterson and Company
_c
1960
300
_a
XV,A73p
942
_2
ddc
_c
BK
999
_c
3607
_d
3607